| 000 | 01085nam a22003377a 4500 | ||
|---|---|---|---|
| 003 | CHAP | ||
| 005 | 20220329135410.0 | ||
| 008 | 971013s1984 r 00010 d | ||
| 010 | _a35763 | ||
| 011 | _a36735 | ||
| 035 | _a40854 | ||
| 040 | _cCHAP | ||
| 082 |
_a664.85 _bB2 |
||
| 100 | 0 | 0 |
_aBaur, Fred J. _910881 |
| 245 | _aInsect management for food storage and processing | ||
| 260 |
_aSt. Paul, Minn. : _bAmerican Association of Cereal Chemists, _c1984 |
||
| 300 |
_a384 p. _b: ilus. |
||
| 590 |
_aBATCH-UPD _b10 _c20130110 _lUCH01 _h1414 |
||
| 590 |
_aBATCH-UPD _b10 _c20130410 _lUCH01 _h0859 |
||
| 590 |
_aBATCH-UPD _b10 _c20130914 _lUCH01 _h0132 |
||
| 590 |
_aCONVERSION _b10 _c20130109 _lUCH01 _h1320 |
||
| 650 | 1 | 4 |
_aAlimentos _xAlmacenamiento _xPlagas. _94163 |
| 650 | 1 | 4 |
_aEsterilidad en insectos. _938291 |
| 650 | 1 | 4 |
_aFeromonas. _940358 |
| 650 | 1 | 4 |
_aFumigación. _943949 |
| 650 | 1 | 4 |
_aInsecticidas. _958855 |
| 650 | 1 | 4 |
_aTrampas para insectos. _9114609 |
| 901 | _aBK | ||
| 942 | _cLIBRO | ||
| 949 |
_a664.85 B2 _bBC _cLIBRO _d33724000131108 _eLIBRO _h69924 _i40854 _mD _si _t58.63 |
||
| 999 |
_c35763 _d35763 |
||